00380nam a2200145Ia 4500008004100000020001800041041000800059082001700067100001600084245007300100260002100173300000800194365001600202700001600218230718s9999 xx 000 0 und d a9781439144633 aeng a658.8'1bJOL aJolles R.L. aCustomer Centered Selling:bSales Techniques For A New World Economy c2009bFree Press a362 cRs.b528.00 aJolles R.L.